000 00577cam5a220016900 4500
005 20190819093729.0
008 980326
020 _a2870271034
035 _a(Sirsi) a141185
050 0 _aHT451
_bPon 1972
100 1 _aPons, Xavier
_6A110505.1
245 1 0 _aL'Australie:
_bet ses populations /
_cXavier Pons
260 _aBruxelles:
_bEditions Complexe,
_c1983.
504 _aIncludes bibliography and index
651 0 _aAustralia -- Emigration and immigration
_xAustralia -- Emigration and immigration
_6S33633.1
651 0 _aAustralia
_6S37880.1
999 _c98137
_d98137